Villes candidates à l'organisation des jeux d'hiver - Statistiques

Statistiques générales
  • Ce quiz a été pris 16 fois
    6 depuis la dernière actualisation
  • Le résultat moyen est 32 sur 70
Statistiques - réponses
Année Ville choisie Ville candidate Indice % Correct
1932 Ville choisie Lake Placid Ville candidate Montréal Indice Canada
100%
1936 Ville choisie Garmisch-Partenkirchen Ville candidate Montréal Indice Canada
100%
1956 Ville choisie Cortina d'Ampezzo Ville candidate Montréal Indice Canada
100%
2026 Ville choisie Milan Cortina d'Ampezzo Ville candidate Stockholm Indice Suède
100%
1976 Ville choisie Innsbruck Ville candidate Vancouver Indice Canada
100%
1980 Ville choisie Lake Placid Ville candidate {Vancouver} retirée avant le vote Indice Canada
100%
2018 Ville choisie Pyeongchang Ville candidate Annecy Indice France
80%
1964 Ville choisie Innsbruck Ville candidate Calgary Indice Canada
80%
1968 Ville choisie Grenoble Ville candidate Calgary Indice Canada
80%
1984 Ville choisie Sarajevo Ville candidate Göteborg Indice Suède
80%
2018 Ville choisie Pyeongchang Ville candidate Munich Indice Allemagne
80%
2010 Ville choisie Vancouver Ville candidate Pyeongchang Indice Cprée-du-Sud
80%
2014 Ville choisie Sotchi Ville candidate Pyeongchang Indice Cprée-du-Sud
80%
2002 Ville choisie Salt Lake City Ville candidate Québec Indice Canada
80%
1936 Ville choisie Garmisch-Partenkirchen Ville candidate Saint-Moritz Indice Suisse
80%
1960 Ville choisie Squaw Valley Ville candidate Saint-Moritz Indice Suisse
80%
1968 Ville choisie Grenoble Ville candidate Sapporo Indice Japon
80%
1984 Ville choisie Sarajevo Ville candidate Sapporo Indice Japon
80%
1952 Ville choisie Oslo Ville candidate Cortina d'Ampezzo Indice Italie
60%
1988 Ville choisie Calgary Ville candidate Cortina d'Ampezzo Indice Italie
60%
1992 Ville choisie Albertville Ville candidate Cortina d'Ampezzo Indice Italie
60%
1960 Ville choisie Squaw Valley Ville candidate Garmisch-Partenkirchen Indice Allemagne
60%
1960 Ville choisie Squaw Valley Ville candidate Innsbruck Indice Autriche
60%
1948 Ville choisie Saint-Moritz Ville candidate Lake Placid Indice Etats-Unis
60%
1952 Ville choisie Oslo Ville candidate Lake Placid Indice Etats-Unis
60%
1956 Ville choisie Cortina d'Ampezzo Ville candidate Lake Placid Indice Etats-Unis
60%
1968 Ville choisie Grenoble Ville candidate Lake Placid Indice Etats-Unis
60%
1992 Ville choisie Albertville Ville candidate Lillehammer Indice Norvège
60%
1932 Ville choisie Lake Placid Ville candidate Oslo Indice Norvège
60%
1968 Ville choisie Grenoble Ville candidate Oslo Indice Norvège
60%
1972 Ville choisie Sapporo Ville candidate Salt Lake City Indice Etats-Unis
60%
1998 Ville choisie Nagano Ville candidate Salt Lake City Indice Etats-Unis
60%
2010 Ville choisie Vancouver Ville candidate Salzbourg Indice Autriche
60%
2014 Ville choisie Sotchi Ville candidate Salzbourg Indice Autriche
60%
1992 Ville choisie Albertville Ville candidate Sofia Indice Bulgarie
60%
1994 Ville choisie Lillehammer Ville candidate Sofia Indice Bulgarie
60%
2022 Ville choisie Pékin Ville candidate Almaty Indice Kazakhstan
40%
1928 Ville choisie Saint-Moritz Ville candidate Davos Indice Suisse
40%
1932 Ville choisie Lake Placid Ville candidate Denver Indice Etats-Unis
40%
1976 Ville choisie Innsbruck Ville candidate Denver Indice Etats-Unis
40%
1976 Ville choisie Innsbruck Ville candidate Sion Indice Suisse
40%
2002 Ville choisie Salt Lake City Ville candidate Sion Indice Suisse
40%
2006 Ville choisie Turin Ville candidate Sion Indice Suisse
40%
1998 Ville choisie Nagano Ville candidate Aoste Indice Italie
20%
1972 Ville choisie Sapporo Ville candidate Banff Indice Canada
20%
1932 Ville choisie Lake Placid Ville candidate Bear Mountain Indice Etats-Unis
20%
1992 Ville choisie Albertville Ville candidate Berchtesgaden Indice Allemagne
20%
1928 Ville choisie Saint-Moritz Ville candidate Engelberg Indice Suisse
20%
1998 Ville choisie Nagano Ville candidate Jaca Indice Espagne
20%
1964 Ville choisie Innsbruck Ville candidate Lahti Indice Finlande
20%
1968 Ville choisie Grenoble Ville candidate Lahti Indice Finlande
20%
1972 Ville choisie Sapporo Ville candidate Lahti Indice Finlande
20%
1932 Ville choisie Lake Placid Ville candidate Lake Tahoe Indice Etats-Unis
20%
1994 Ville choisie Lillehammer Ville candidate Ostersund Indice Suède
20%
1998 Ville choisie Nagano Ville candidate Ostersund Indice Suède
20%
2002 Ville choisie Salt Lake City Ville candidate Ostersund Indice Suède
20%
1976 Ville choisie Innsbruck Ville candidate Tampere Indice Finlande
20%
1992 Ville choisie Albertville Ville candidate Anchorage Indice Etats-Unis
0%
1994 Ville choisie Lillehammer Ville candidate Anchorage Indice Etats-Unis
0%
1936 Ville choisie Garmisch-Partenkirchen Ville candidate Braunlage Indice Allemagne
0%
1956 Ville choisie Cortina d'Ampezzo Ville candidate Colorado Springs Indice Etats-Unis
0%
1932 Ville choisie Lake Placid Ville candidate Duluth Indice Etats-Unis
0%
1988 Ville choisie Calgary Ville candidate Falun Indice Suède
0%
1992 Ville choisie Albertville Ville candidate Falun Indice Suède
0%
1924 Ville choisie Chamonix Ville candidate Gérardmer Indice France
0%
1924 Ville choisie Chamonix Ville candidate Luchon Indice France
0%
1932 Ville choisie Lake Placid Ville candidate Minneapolis Indice Etats-Unis
0%
1936 Ville choisie Garmisch-Partenkirchen Ville candidate Schierke Indice Allemagne
0%
1936 Ville choisie Garmisch-Partenkirchen Ville candidate Schreiberhau Indice Pologne
0%
1932 Ville choisie Lake Placid Ville candidate Yosemble Valley Indice Etats-Unis
0%
Aucun quiz correspondant
Distribution des résultats
% des personnes avec chaque résultat
Percentile par nombre de réponses
Votre historique - résultats
Vous n’avez pas pris ce quiz depuis la dernière actualisation